[Event "Mid Bohemia Region-chT 2223"]
[Site "Czech Republic"]
[Date "2022.10.09"]
[Round "1.7"]
[White "Pazdera, Jaroslav"]
[Black "Zamboch, Roman"]
[Result "0-1"]
[WhiteElo "1845"]
[BlackElo "2014"]
[PlyCount "52"]
[EventDate "2022.10.09"]
[EventType "team-tourn"]
[EventRounds "11"]
[EventCountry "CZE"]
[SourceTitle "EXT 2024"]
[Source "ChessBase"]
[SourceDate "2023.10.10"]
[SourceVersion "1"]
[SourceVersionDate "2023.10.10"]
[SourceQuality "1"]
[WhiteTeam "Vlasim II"]
[BlackTeam "Kralupy nad Vltavou"]
[WhiteTeamCountry "CZE"]
[BlackTeamCountry "CZE"]

1. e4 c6 2. d4 d5 3. e5 Bf5 4. Bd3 Bxd3 5. Qxd3 Qa5+ 6. c3 Qa6 7. Qf3 e6 8. Ne2 c5 9. 0-0 Nd7 10. Be3 Ne7 11. Nd2 Nf5 12. b3 Be7 13. g3 0-0 14. Qg4 Nxe3 15. fxe3 Qd3 16. Rad1 Qxe3+ 17. Rf2 f5 18. exf6 Nxf6 19. Qh3 Ng4 20. Qxg4 Rxf2 21. Nf1 Qxe2 22. Qxe2 Rxe2 23. Rd2 Rxd2 24. Nxd2 cxd4 25. cxd4 Rc8 26. Nf3 Rc2 0-1

[Event "Rakovnik Regional-chT 1415"]
[Site "Rakovnik"]
[Date "2015.02.15"]
[Round "8.6"]
[White "Macek, Kamil"]
[Black "Zamboch, Roman"]
[Result "1/2-1/2"]
[WhiteElo "1905"]
[BlackElo "2011"]
[PlyCount "24"]
[EventDate "2014.10.19"]
[EventType "team-tourn"]
[EventRounds "11"]
[EventCountry "CZE"]
[SourceTitle "EXT 2016"]
[Source "ChessBase"]
[SourceDate "2015.10.08"]
[SourceVersion "1"]
[SourceVersionDate "2015.10.08"]
[SourceQuality "1"]
[WhiteTeam "Nymburk Sokol"]
[BlackTeam "Kralupy nad Vltavou"]
[WhiteTeamCountry "CZE"]
[BlackTeamCountry "CZE"]

1. e4 c6 2. d4 d5 3. exd5 cxd5 4. c4 e6 5. Nc3 Nf6 6. Nf3 Bd6 7. Be2 0-0 8. 0-0 a6 9. Bg5 dxc4 10. Bxc4 b5 11. Bd3 Bb7 12. Qe2 Nbd7 1/2-1/2

[Event "Rakovnik Regional-chT 1415"]
[Site "Rakovnik"]
[Date "2015.02.01"]
[Round "7.7"]
[White "Otruba, Pavel"]
[Black "Zamboch, Roman"]
[Result "0-1"]
[WhiteElo "2013"]
[BlackElo "2011"]
[PlyCount "98"]
[EventDate "2014.10.19"]
[EventType "team-tourn"]
[EventRounds "11"]
[EventCountry "CZE"]
[SourceTitle "EXT 2016"]
[Source "ChessBase"]
[SourceDate "2015.10.08"]
[SourceVersion "1"]
[SourceVersionDate "2015.10.08"]
[SourceQuality "1"]
[WhiteTeam "Uholicky"]
[BlackTeam "Kralupy nad Vltavou"]
[WhiteTeamCountry "CZE"]
[BlackTeamCountry "CZE"]

1. d4 d5 2. Nf3 Nf6 3. c3 Bf5 4. Bg5 c6 5. Nbd2 Nbd7 6. Qb3 Qb6 7. e3 h6 8. Bh4 e6 9. Be2 Be7 10. 0-0 g5 11. Bg3 Nh5 12. Be5 f6 13. Ne1 Bg6 14. Bg3 Nxg3 15. hxg3 h5 16. Qxb6 axb6 17. Nd3 h4 18. g4 Bd6 19. f4 0-0-0 20. fxg5 fxg5 21. Nf3 h3 22. Nde5 hxg2 23. Kxg2 Be4 24. Kf2 Rdf8 25. Ke1 Nxe5 26. dxe5 Bxf3 27. Bxf3 Bxe5 28. Ke2 Rh2+ 29. Rf2 Rfh8 30. Raf1 Bg3 31. Rg2 e5 32. e4 d4 33. cxd4 exd4 34. Kd3 Rxg2 35. Bxg2 Rh2 36. Rf8+ Kd7 37. Bf3 Rxb2 38. Rf7+ Ke6 39. Rxb7 Rxa2 40. Rxb6 Ra3+ 41. Kc4 Rxf3 42. Rxc6+ Ke5 43. Rc5+ Kxe4 44. Rxg5 Rc3+ 45. Kb4 Bd6+ 46. Ka4 d3 47. Rg6 Kd5 48. Rg5+ Kc6 49. Rg8 Ra3# 0-1

[Event "Rakovnik Regional-chT 1415"]
[Site "Rakovnik"]
[Date "2014.11.23"]
[Round "3.7"]
[White "Havlik, Frantisek"]
[Black "Zamboch, Roman"]
[Result "1-0"]
[WhiteElo "1974"]
[BlackElo "2011"]
[PlyCount "83"]
[EventDate "2014.10.19"]
[EventType "team-tourn"]
[EventRounds "11"]
[EventCountry "CZE"]
[SourceTitle "EXT 2016"]
[Source "ChessBase"]
[SourceDate "2015.10.08"]
[SourceVersion "1"]
[SourceVersionDate "2015.10.08"]
[SourceQuality "1"]
[WhiteTeam "Ricany II"]
[BlackTeam "Kralupy nad Vltavou"]
[WhiteTeamCountry "CZE"]
[BlackTeamCountry "CZE"]

1. e4 c6 2. d4 d5 3. e5 Bf5 4. Bd3 Bxd3 5. Qxd3 Qa5+ 6. Bd2 Qa6 7. Qh3 e6 8. Ne2 Nd7 9. Bc3 Ne7 10. Nd2 c5 11. f4 Rc8 12. g4 g6 13. Rf1 cxd4 14. Nxd4 Bg7 15. Qg3 Nc6 16. N2b3 Nxd4 17. Nxd4 Nc5 18. Qe3 Ne4 19. Bb4 Rc4 20. c3 Qb6 21. Nc2 Nc5 22. Bxc5 Qxc5 23. Nd4 0-0 24. f5 exf5 25. gxf5 Re8 26. f6 Bf8 27. 0-0-0 Qc7 28. Rde1 a6 29. Kb1 b5 30. e6 Rxe6 31. Nxe6 fxe6 32. f7+ Kg7 33. Qxe6 d4 34. Qf6+ Kh6 35. cxd4 Rc2 36. Rc1 Rxc1+ 37. Rxc1 Qxh2 38. Qe5 Qh3 39. a3 b4 40. axb4 Bxb4 41. Qf4+ Kg7 42. f8Q+ 1-0

[Event "CZE-chT2B 1213"]
[Site "Czech Republic"]
[Date "2012.12.16"]
[Round "5.6"]
[White "Zamboch, Roman"]
[Black "Sura, Jaroslav"]
[Result "0-1"]
[WhiteElo "2101"]
[BlackElo "2099"]
[PlyCount "62"]
[EventDate "2012.10.14"]
[EventType "team-tourn"]
[EventRounds "11"]
[EventCountry "CZE"]
[SourceTitle "EXT 2015"]
[Source "ChessBase"]
[SourceDate "2014.11.20"]
[SourceVersion "1"]
[SourceVersionDate "2014.11.20"]
[SourceQuality "1"]
[WhiteTeam "Kralupy nad Vltavou"]
[BlackTeam "Postovni sporitelna II"]
[WhiteTeamCountry "CZE"]
[BlackTeamCountry "CZE"]

1. d4 g6 2. c4 Bg7 3. Nc3 d6 4. e4 e5 5. d5 Ne7 6. Bd3 Nd7 7. Nge2 0-0 8. Be3 f5 9. f3 Nf6 10. Qd2 c6 11. 0-0 f4 12. Bf2 c5 13. a3 g5 14. b4 b6 15. bxc5 bxc5 16. g4 h5 17. h3 Qe8 18. Nb5 hxg4 19. Nxd6 Qh5 20. Nxc8 Raxc8 21. hxg4 Nxg4 22. fxg4 Qxg4+ 23. Ng3 fxg3 24. Be3 Ng6 25. Rxf8+ Rxf8 26. Bxc5 Nh4 27. Qe2 Rf3 28. Bxa7 g2 29. Ra2 Qh3 30. Qxg2 Nxg2 31. Rxg2 Rxd3 0-1

[Event "CZE-chT2B 1112"]
[Site "Czech Republic"]
[Date "2012.03.25"]
[Round "10.4"]
[White "Zamboch, Roman"]
[Black "Wimmer, Miroslav"]
[Result "1-0"]
[WhiteElo "2117"]
[BlackElo "2116"]
[PlyCount "75"]
[EventDate "2011.10.09"]
[EventType "team-tourn"]
[EventRounds "11"]
[EventCountry "CZE"]
[SourceTitle "EXT 2013"]
[Source "ChessBase"]
[SourceDate "2012.11.22"]
[SourceVersion "1"]
[SourceVersionDate "2012.11.22"]
[SourceQuality "1"]
[WhiteTeam "Kralupy nad Vltavou"]
[BlackTeam "Sokolov"]
[WhiteTeamCountry "CZE"]
[BlackTeamCountry "CZE"]

1. d4 d5 2. c4 c6 3. Nc3 Nf6 4. Nf3 a6 5. cxd5 cxd5 6. Qc2 Nc6 7. Bf4 e6 8. a3 Bd6 9. Bxd6 Qxd6 10. e3 0-0 11. Be2 b5 12. 0-0 Bb7 13. b4 Rfc8 14. Rac1 Nd7 15. Rfd1 Nb6 16. Nd2 Nc4 17. Nxc4 dxc4 18. Ne4 Qe7 19. Nc5 a5 20. Qc3 axb4 21. axb4 Ra2 22. Ra1 Rxe2 23. Kf1 Nxb4 24. Kxe2 Nd5 25. Qa5 b4 26. Rdc1 Nc3+ 27. Rxc3 bxc3 28. Qa7 Qg5 29. Qxb7 Rd8 30. Qf3 h5 31. Ra7 c2 32. Kd2 Rxd4+ 33. Kxc2 Qg6+ 34. Kc3 Rd5 35. Ra8+ Kh7 36. Rc8 Qb1 37. Qe4+ Qxe4 38. Nxe4 1-0

[Event "CZE-chT2B 1112"]
[Site "Czech Republic"]
[Date "2012.02.05"]
[Round "7.3"]
[White "Zamboch, Roman"]
[Black "Korschner, Miroslav"]
[Result "1-0"]
[WhiteElo "2117"]
[BlackElo "2117"]
[PlyCount "77"]
[EventDate "2011.10.09"]
[EventType "team-tourn"]
[EventRounds "11"]
[EventCountry "CZE"]
[SourceTitle "EXT 2013"]
[Source "ChessBase"]
[SourceDate "2012.11.22"]
[SourceVersion "1"]
[SourceVersionDate "2012.11.22"]
[SourceQuality "1"]
[WhiteTeam "Kralupy nad Vltavou"]
[BlackTeam "Usti nad Labem"]
[WhiteTeamCountry "CZE"]
[BlackTeamCountry "CZE"]

1. d4 e6 2. c4 f5 3. g3 Nf6 4. Nc3 d5 5. Bg2 c6 6. Nh3 Be7 7. 0-0 0-0 8. Nf4 g5 9. Nd3 Ne4 10. f3 Nxc3 11. bxc3 Nd7 12. cxd5 exd5 13. e4 Nb6 14. Ne5 Be6 15. Qe2 Bf6 16. exf5 Bxf5 17. f4 Na4 18. fxg5 Nxc3 19. Qe3 Bxe5 20. Qxe5 Qd7 21. Qe1 Ne4 22. Bf4 Qg7 23. Qb4 a5 24. Qb6 Ra6 25. Qb2 b5 26. h4 Raa8 27. Rac1 Qd7 28. Be5 b4 29. Kh2 Rac8 30. Qe2 Nc3 31. Qd2 Rce8 32. Rf4 c5 33. Re1 c4 34. Ref1 Ne4 35. Qe2 c3 36. g4 Be6 37. Bxe4 dxe4 38. Qxe4 Bxa2 39. g6 1-0

[Event "CZE-chT2B 1112"]
[Site "Czech Republic"]
[Date "2012.01.08"]
[Round "5.4"]
[White "Drabek, Vojtech"]
[Black "Zamboch, Roman"]
[Result "1/2-1/2"]
[WhiteElo "2150"]
[BlackElo "2117"]
[PlyCount "76"]
[EventDate "2011.10.09"]
[EventType "team-tourn"]
[EventRounds "11"]
[EventCountry "CZE"]
[SourceTitle "EXT 2013"]
[Source "ChessBase"]
[SourceDate "2012.11.22"]
[SourceVersion "1"]
[SourceVersionDate "2012.11.22"]
[SourceQuality "1"]
[WhiteTeam "Neratovice"]
[BlackTeam "Kralupy nad Vltavou"]
[WhiteTeamCountry "CZE"]
[BlackTeamCountry "CZE"]

1. Nf3 c6 2. g3 d5 3. Bg2 Nf6 4. b3 Bf5 5. Bb2 Nbd7 6. 0-0 Qc7 7. c4 e5 8. cxd5 cxd5 9. Qc1 Bd6 10. Qxc7 Bxc7 11. Na3 a6 12. Rac1 Bd6 13. Nc2 d4 14. Nh4 Be4 15. f3 Bd5 16. Nf5 Bf8 17. f4 Bxg2 18. Kxg2 exf4 19. Rxf4 g6 20. Nfxd4 Bh6 21. Rf3 0-0 22. Rd1 Rfe8 23. e3 Nd5 24. Rff1 Rac8 25. Kf2 Nc5 26. Ke2 Ne6 27. Rc1 Bg7 28. Ba1 Nc5 29. a3 Ne4 30. b4 Nd6 31. Rfd1 Rc7 32. Ne1 Nc4 33. Ndc2 Bh6 34. Bd4 Rce7 35. Ng2 b5 36. d3 Ncxe3 37. Ncxe3 Bxe3 38. Nxe3 Nxe3 1/2-1/2

[Event "Czechia KP-chTA 0607"]
[Site "Czech Republic"]
[Date "2007.03.04"]
[Round "9.8"]
[White "Zamboch, Roman"]
[Black "Abraham, Karel"]
[Result "0-1"]
[WhiteElo "1997"]
[BlackElo "1904"]
[PlyCount "40"]
[EventDate "2006.10.29"]
[EventType "team"]
[EventRounds "11"]
[EventCountry "CZE"]
[SourceTitle "EXT 2008"]
[Source "ChessBase"]
[SourceDate "2007.11.25"]
[SourceVersion "1"]
[SourceVersionDate "2007.11.25"]
[SourceQuality "1"]
[WhiteTeam "Kralupy nad Vltavou"]
[BlackTeam "Kladno"]
[WhiteTeamCountry "CZE"]
[BlackTeamCountry "CZE"]

1. d4 Nf6 2. c4 c5 3. d5 b5 4. cxb5 a6 5. b6 Bb7 6. Nc3 Qxb6 7. e4 d6 8. Bd3 g6 9. Rb1 Bg7 10. f4 Nbd7 11. Nh3 0-0 12. Be3 e6 13. dxe6 fxe6 14. 0-0 d5 15. Na4 Qc6 16. Nxc5 dxe4 17. Be2 Nd5 18. Nxd7 Nxe3 19. Qd2 Nxf1 20. Bxf1 Rad8 0-1

[Event "Czechia KP-chTA 0607"]
[Site "Czech Republic"]
[Date "2007.02.18"]
[Round "8.8"]
[White "Cermak, Jan"]
[Black "Zamboch, Roman"]
[Result "0-1"]
[WhiteElo "1725"]
[BlackElo "1997"]
[PlyCount "48"]
[EventDate "2006.10.29"]
[EventType "team"]
[EventRounds "11"]
[EventCountry "CZE"]
[SourceTitle "EXT 2008"]
[Source "ChessBase"]
[SourceDate "2007.11.25"]
[SourceVersion "1"]
[SourceVersionDate "2007.11.25"]
[SourceQuality "1"]
[WhiteTeam "Melnik"]
[BlackTeam "Kralupy nad Vltavou"]
[WhiteTeamCountry "CZE"]
[BlackTeamCountry "CZE"]

1. d4 d5 2. c4 e6 3. Nf3 Nf6 4. Nc3 c6 5. cxd5 exd5 6. e3 Bb4 7. Bd3 Bg4 8. 0-0 Nbd7 9. h3 Bh5 10. a3 Ba5 11. b4 Bc7 12. e4 dxe4 13. Nxe4 Nxe4 14. Bxe4 Nf6 15. Re1 0-0 16. Bg5 Qd6 17. g3 Nxe4 18. Rxe4 Qd5 19. g4 Qxe4 20. gxh5 Rfe8 21. Qb3 h6 22. Bh4 Qf5 23. Ne5 Bxe5 24. dxe5 Rxe5 0-1

[Event "CZE-chT3A Middle 0506  "]
[Site "Czech Republic"]
[Date "2006.02.19"]
[Round "8.4"]
[White "Silhan, Petr"]
[Black "Zamboch, Roman"]
[Result "1-0"]
[WhiteElo "1860"]
[BlackElo "2031"]
[PlyCount "67"]
[EventDate "2005.10.30"]
[EventType "team"]
[EventRounds "11"]
[EventCountry "CZE"]
[SourceTitle "EXT 2009"]
[Source "ChessBase"]
[SourceDate "2008.11.26"]
[SourceVersion "1"]
[SourceVersionDate "2008.11.26"]
[SourceQuality "1"]

1. e4 c6 2. Nc3 d5 3. Nf3 dxe4 4. Nxe4 Nd7 5. Bc4 Ngf6 6. Neg5 e6 7. Qe2 Nd5 8. d4 h6 9. Ne4 N7f6 10. 0-0 Nxe4 11. Qxe4 Nf6 12. Qe2 Bd6 13. Ne5 Qc7 14. Rd1 c5 15. Bb5+ Kf8 16. Bf4 Nd5 17. Bg3 a6 18. dxc5 Qxc5 19. c4 Bxe5 20. Bxe5 axb5 21. cxd5 exd5 22. Rac1 Qb6 23. Rxd5 Be6 24. Rd6 Qa7 25. Rxe6 Qxa2 26. Bd6+ Kg8 27. Re8+ Kh7 28. Qd3+ g6 29. Rxh8+ Rxh8 30. Qxb5 Qe6 31. Qe5 Rc8 32. Rxc8 Qxc8 33. h3 b6 34. Qf6 1-0